000 01024nam a22003257i 4500
650 0 _921735
_aElasticity
650 0 _921734
_aEsneklik
_eetuturkob
650 0 _92663
_aMechanical engineering
650 7 _912443
_aMakine mühendisliği
_2etuturkob
999 _c200429750
_d47676
001 200429750
003 TR-AnTOB
005 20210803174539.0
007 ta
008 180530s2017 enk e 001 0 tur d
020 _a9786202062183
040 _aTR-AnTOB
_beng
_erda
_cTR-AnTOB
041 _aeng
050 0 0 _aQA931
_b.M38 2017
090 _aQA931
_b.M38 2017
100 1 _aErdem, Ali Ünal
_eauthor
_9120167
245 1 0 _aMathematical methods :
_bfor a first course in continuum mechanics, elasticity and plasticity /
_cAli Ünal Erdem.
264 1 _aMauritius :
_bLAP LAMBERT Academic Publishing,
_c2017.
300 _a312 pages ;
_c24 cm.
336 _atext
_0rdacontent
337 _aunmediated
_2rdamedia
338 _avolume
_2rdacarrier
590 _aDonated by Ali Ünal Erdem
942 _2lcc
_cBK